Da bedyā gulānah, (Record no. 67296)

MARC details
000 -LEADER
fixed length control field 00678cam a22002291 4500
001 - CONTROL NUMBER
control field sa 66000517
003 - CONTROL NUMBER IDENTIFIER
control field DLC
005 - DATE AND TIME OF LATEST TRANSACTION
control field 20260227112215.0
008 - FIXED-LENGTH DATA ELEMENTS--GENERAL INFORMATION
fixed length control field 960912s195u pk 000 0 pusr
010 ## - LIBRARY OF CONGRESS CONTROL NUMBER
LC control number sa 66000517
025 ## - OVERSEAS ACQUISITION NUMBER
Overseas acquisition number PL480:Pushto-101
035 ## - SYSTEM CONTROL NUMBER
System control number (OCoLC)35526691
040 ## - CATALOGING SOURCE
Original cataloging agency DLC
Transcribing agency CLU
Modifying agency CLU
-- DLC
042 ## - AUTHENTICATION CODE
Authentication code premarc
050 00 - LIBRARY OF CONGRESS CALL NUMBER
Classification number PK6820.R3
Item number D25
100 1# - MAIN ENTRY--PERSONAL NAME
Personal name Rasa, Mian Sayed Rasul.
245 00 - TITLE STATEMENT
Title Da bedyā gulānah,
Statement of responsibility, etc. Sayyid Rasūl Rasā.
260 ## - PUBLICATION, DISTRIBUTION, ETC.
Place of publication, distribution, etc. Pishāwar Shahar,
Name of publisher, distributor, etc. Idārah-yi Ishāʻat-i Sarḥad
Date of publication, distribution, etc. [195-]
300 ## - PHYSICAL DESCRIPTION
Extent 15, 321 p.
Dimensions 21 cm.
500 ## - GENERAL NOTE
General note Binder's title: Da Bediyā gulūnah [by] Miyān Sayyid Rasūl Rasā.
500 ## - GENERAL NOTE
General note Poems.

No items available.

Powered by Koha